| 000 | 00625nam a22002057a 4500 | ||
|---|---|---|---|
| 005 | 20251108171039.0 | ||
| 008 | 250721s2000 xx 000 0 ara d | ||
| 082 | 1 | 4 | _a927.3945/جيل |
| 100 | 1 | _aجيلو، فرانسواز | |
| 245 | 1 | 0 | _aحياتي مع بيكاسو / |
| 264 | 1 |
_aبيروت : _bالمؤسسة العربية للدراسات و النشر، _c2000. |
|
| 300 | _a358ص. | ||
| 650 | 1 | 7 | _aالفنون التشكيلية |
| 650 | 1 | 7 | _aالتراجم |
| 650 | 1 | 7 | _aإسبانيا |
| 700 | 1 | _aليك، كارلتون | |
| 700 | 1 |
_aمظفر، مي _eترجمة |
|
| 942 |
_2ddc _cBK |
||
| 999 |
_c55245 _d55245 |
||